ELECTRONICS and COMPUTERS (Record no. 43935)

MARC details
000 -LEADER
fixed length control field 00396pam a2200169 a 4500
020 ## - INTERNATIONAL STANDARD BOOK NUMBER
Terms of availability xiii hard bond
041 ## - LANGUAGE CODE
Language code of text/sound track or separate title eng
082 ## - DEWEY DECIMAL CLASSIFICATION NUMBER
Classification number 621.391 6
Item number PAR
100 ## - MAIN ENTRY--PERSONAL NAME
Personal name PARKER SYBILL
245 ## - TITLE STATEMENT
Title ELECTRONICS and COMPUTERS
Medium Textual Documents
250 ## - EDITION STATEMENT
Edition statement 01-01-1988
260 ## - PUBLICATION, DISTRIBUTION, ETC.
Name of publisher, distributor, etc. MC GRAW HILL
300 ## - PHYSICAL DESCRIPTION
Extent 1047
500 ## - GENERAL NOTE
General note 882
653 ## - INDEX TERM--UNCONTROLLED
Uncontrolled term DIGITAL DESIG and COMP. ORG.(T.E.)
930 ## - EQUIVALENCE OR CROSS-REFERENCE-UNIFORM TITLE HEADING [LOCAL, CANADA]
Uniform title 705
Holdings
Withdrawn status Lost status Damaged status Not for loan Collection Home library Current library Shelving location Date acquired Source of acquisition Cost, normal purchase price Total Checkouts Full call number Barcode Date last seen Copy number Price effective from Koha item type
        EWP College of Engineering for Women, Pune College of Engineering for Women, Pune B-REF-6 04/02/2002 THE BOOK SHOPPE 4579.80   621.391 6 PAR EWP-753 24/02/2023 1 24/02/2023 Book